| 000 | 00695nam a22002657a 4500 | ||
|---|---|---|---|
| 003 | OSt | ||
| 005 | 20140310183126.0 | ||
| 008 | 130212t xxu||||| |||| 00| 0 eng d | ||
| 020 | _a9710869949 | ||
| 050 |
_aLB 2806.15 _b.P171 2009 |
||
| 100 | _aPalma, Jesus C. | ||
| 245 |
_aCurriculum development system : _ba handbook for school practitioners in basic education / _cPalma, Jesus C. |
||
| 260 |
_aManila ; _bNational Book Store, _c2009. |
||
| 300 |
_a168 p. : _c23 cm. _bill. ; |
||
| 521 | _aEDU | ||
| 562 | _e7 | ||
| 942 |
_2lcc _cBK _kLOC |
||
| 999 |
_c19030 _d19030 |
||